Characterization of african bush mango trees with emphasis on the differences between sweet and bitter trees in the Dahomey Gap (West Africa) (Record no. 50365)

MARC details
000 -LEADER
fixed length control field 00753nam a22002177a 4500
003 - CONTROL NUMBER IDENTIFIER
control field 0
005 - DATE AND TIME OF LATEST TRANSACTION
control field 20160609171203.0
008 - FIXED-LENGTH DATA ELEMENTS--GENERAL INFORMATION
fixed length control field 121212t xxu||||| |||| 00| 0 eng d
020 ## - NUMERO INTERNATIONAL NORMALISE DES LIVRES
International Standard Book Number 978-94-6173-412-9
040 ## - SOURCE DU CATALOGAGE
Original cataloging agency BUAC
Transcribing agency BIDOC
Language of cataloging Fre.
041 ## - CODE DE LANGUE
Language code of text/sound track or separate title Eng
100 ## - VEDETTE PRINCIPALE - NOM DE PERSONNE
Personal name Vihotogbé, Romaric
9 (RLIN) 21928
245 ## - TITLE STATEMENT
Title Characterization of african bush mango trees with emphasis on the differences between sweet and bitter trees in the Dahomey Gap (West Africa)
Statement of responsibility, etc /Romaric Vihotogbé
260 ## - PUBLICATION, DISTRIBUTION, ETC. (IMPRINT)
Place of publication, distribution, etc Wageningen
Name of publisher, distributor, etc Ed. Wageningen University
Date of publication, distribution, etc 2012
300 ## - PHYSICAL DESCRIPTION
Extent 189 p.
Dimensions 25 cm.
500 ## - GENERAL NOTE
General note Th. doct. : Agro : Wageningen Univ. : 2012
630 ## - SUBJECT ADDED ENTRY--UNIFORM TITLE
Uniform title SCIENCES APPLIQUEES
9 (RLIN) 24258
650 ## - SUBJECT ADDED ENTRY--TOPICAL TERM
Topical term or geographic name as entry element Fruitier : mangue : Bénin
9 (RLIN) 24259
653 ## - INDEX TERM--UNCONTROLLED
Uncontrolled term Manguier
942 ## - ADDED ENTRY ELEMENTS (KOHA)
Koha item type Thèse et Memoire
Holdings
Withdrawn status Lost status Damaged status Not for loan Location (home branch) Sublocation or collection (holding branch) Date acquired Koha issues (times borrowed) Koha full call number Piece designation (barcode) Koha date last seen Copy number Price effective from Koha item type Source of acquisition
        Bibliothèque Universitaire Centrale Bibliothèque Universitaire Centrale 17/04/2013   581.47(668) VIH 12-*078Buc 02/05/2013 1 02/05/2013 Thèse et Memoire Don de l'auteur
        Bibliothèque Universitaire Centrale Bibliothèque Universitaire Centrale 17/04/2013   581.47(668) VIH 12-*079Buc 02/05/2013 2 02/05/2013 Thèse et Memoire Don de l'auteur
        Bibliothèque-Centre de Documentation de la Faculté des Sciences Agronomiques Bibliothèque-Centre de Documentation de la Faculté des Sciences Agronomiques 12/12/2012   T.AGE.2012.001a A.11927BIDOC 12/12/2012 01 12/12/2012 Thèse et Memoire  
        Bibliothèque-Centre de Documentation de la Faculté des Sciences Agronomiques Bibliothèque-Centre de Documentation de la Faculté des Sciences Agronomiques 12/12/2012   T.AGE.2012 A.11928BIDOC 12/12/2012 01 12/12/2012 Thèse et Memoire  


© 2008, Bibliothèques de l'Université d'Abomey-Calavi

04 BP 789 Cotonou, Tél. : +229 21 36 01 01, Fax : +229 21 35 06 32

Courriel : bu@bu.uac.bj